APC advice (Record no. 81618)

MARC details
000 -LEADER
fixed length control field 00779cab a22002055a 4500
001 - CONTROL NUMBER
control field L147718
008 - FIXED-LENGTH DATA ELEMENTS--GENERAL INFORMATION
fixed length control field 090608e20090605xxk f 000 0 eng d
035 ## - SYSTEM CONTROL NUMBER
System control number (Sirsi) u147718
041 0# - LANGUAGE CODE
Language code of text/sound track or separate title eng
100 1# - MAIN ENTRY--PERSONAL NAME
Personal name Lever, Jon
245 00 - TITLE STATEMENT
Title APC advice
260 ## - PUBLICATION, DISTRIBUTION, ETC.
Date of publication, distribution, etc. 2009
490 #0 - SERIES STATEMENT
Series statement Property Week
Volume/sequential designation 75(23) 5 June 2009, 48(1)
520 ## - SUMMARY, ETC.
Summary, etc. Explains the 23-month presubmission dates stated in the APC candidate's guide (version 2, December 2008) and describes the month 23/24 supervisor and counsellor review, part one. Ben Elder discusses the legal and regulatory compliance competency.
590 ## - LOCAL NOTE (RLIN)
Local note KA
651 #4 - SUBJECT ADDED ENTRY--GEOGRAPHIC NAME
Geographic name United Kingdom
Chronological subdivision
690 ## - LOCAL SUBJECT ADDED ENTRY--TOPICAL TERM (OCLC, RLIN)
Topical term or geographic name as entry element CAREERS, EDUCATION AND TRAINING-QUALIFICATION ROUTES-ASSESSMENT OF PROFESSIONAL COMPETENCE
700 1# - ADDED ENTRY--PERSONAL NAME
Personal name Elder, Ben
942 ## - ADDED ENTRY ELEMENTS (KOHA)
Suppress in OPAC 0
Holdings
Withdrawn status Lost status Source of classification or shelving scheme Damaged status Not for loan Home library Current library Shelving location Date acquired Total Checkouts Full call number Barcode Date last seen Copy number Price effective from Koha item type
    Dewey Decimal Classification     London London Journal article 08/06/2009   L147718 147718-1001 06/08/2019 1 06/08/2019 Journal article